Securing 'the homeland' : (Record no. 16305)

000 -LEADER
fixed length control field 02609cam a2200385 a 4500
001 - CONTROL NUMBER
control field 15093837
005 - DATE AND TIME OF LATEST TRANSACTION
control field 20170105102937.0
008 - FIXED-LENGTH DATA ELEMENTS--GENERAL INFORMATION
fixed length control field 071127s2008 enka b 001 0 eng
010 ## - LIBRARY OF CONGRESS CONTROL NUMBER
LC control number 2007048589
020 ## - INTERNATIONAL STANDARD BOOK NUMBER
International Standard Book Number 9780415441094 (hardback)
020 ## - INTERNATIONAL STANDARD BOOK NUMBER
International Standard Book Number 0415441099 (hardback)
020 ## - INTERNATIONAL STANDARD BOOK NUMBER
International Standard Book Number 9780203092651 (ebook)
020 ## - INTERNATIONAL STANDARD BOOK NUMBER
International Standard Book Number 0203092651 (ebook)
035 ## - SYSTEM CONTROL NUMBER
System control number (OCoLC)ocn182779362
040 ## - CATALOGING SOURCE
Original cataloging agency DLC
Transcribing agency DLC
Modifying agency BAKER
-- BTCTA
-- YDXCP
-- BWKUK
-- BWK
-- BWX
-- PMC
-- DLC
043 ## - GEOGRAPHIC AREA CODE
Geographic area code n-us---
050 00 - LIBRARY OF CONGRESS CALL NUMBER
Classification number HV6431
Item number .S423 2008
082 00 - DEWEY DECIMAL CLASSIFICATION NUMBER
Classification number 363.325
Edition number 22
Author Mark SEC 2008
245 00 - TITLE STATEMENT
Title Securing 'the homeland' :
Remainder of title critical infrastructure, risk and (in)security /
Statement of responsibility, etc. edited by Myriam Dunn Cavelty and Kristian Søby Kristensen.
260 ## - PUBLICATION, DISTRIBUTION, ETC.
Place of publication, distribution, etc. London ;
-- New York :
Name of publisher, distributor, etc. Routledge,
Date of publication, distribution, etc. 2008.
300 ## - PHYSICAL DESCRIPTION
Extent xv, 191 p. :
Other physical details ill. ;
Dimensions 24 cm.
440 #0 - SERIES STATEMENT/ADDED ENTRY--TITLE
Title CSS studies in security and international relations
504 ## - BIBLIOGRAPHY, ETC. NOTE
Bibliography, etc. note Includes bibliographical references and index.
505 0# - FORMATTED CONTENTS NOTE
Formatted contents note Introduction : Securing the homeland : critical infrastructure, risk, and (in)security / Myriam Dunn Cavelty and Kristian Søby Kristensen -- The vulnerability of vital systems : how 'critical infrastructure' became a security problem / Stephen J. Collier and Andrew Lakoff -- Like a phoenix from the ashes : the reinvention of critical infrastructure protection as distributed security / Myriam Dunn Cavelty -- 'The absolute protection of our citizens' : critical infrastructure protection and the practice of security / Kristian Søby Kristensen -- Critical infrastructures and network pathologies : the semiotics and biopolitics of heteropolarity / James der Derian and Jesse Finkelstein -- Media, fear and the hyperreal : the construction of cyberterrorism as the ultimate threat to critical infrastructures / Maura Conway -- Homeland security through traceability : technologies of control as critical infrastructures / Philippe Bonditti -- The gendered narratives of homeland security : anarchy at the front door makes home a haven / Elgin M. Brunner -- Conclusion : The biopolitics of critical infrastructure protection / Julian Reid.
650 #0 - SUBJECT ADDED ENTRY--TOPICAL TERM
Topical term or geographic name entry element Terrorism
General subdivision Prevention.
650 #0 - SUBJECT ADDED ENTRY--TOPICAL TERM
Topical term or geographic name entry element National security.
651 #0 - SUBJECT ADDED ENTRY--GEOGRAPHIC NAME
Geographic name United States
General subdivision Politics and government.
651 #0 - SUBJECT ADDED ENTRY--GEOGRAPHIC NAME
Geographic name United States
General subdivision Foreign relations.
700 1# - ADDED ENTRY--PERSONAL NAME
Personal name Dunn Cavelty, Myriam.
700 1# - ADDED ENTRY--PERSONAL NAME
Personal name Kristensen, Kristian Søby.
856 41 - ELECTRONIC LOCATION AND ACCESS
Materials specified Table of contents only
Uniform Resource Identifier <a href="http://www.loc.gov/catdir/toc/ecip085/2007048589.html">http://www.loc.gov/catdir/toc/ecip085/2007048589.html</a>
906 ## - LOCAL DATA ELEMENT F, LDF (RLIN)
a 7
b cbc
c orignew
d 1
e ecip
f 20
g y-gencatlg
942 ## - ADDED ENTRY ELEMENTS (KOHA)
Source of classification or shelving scheme
Koha item type Book
Holdings
Withdrawn status Lost status Damaged status Not for loan Collection code Permanent Location Current Location Shelving location Date acquired Total Checkouts Full call number Barcode Date last seen Price effective from Koha item type
          Centre for International Peace & Stability (CIPS) Centre for International Peace & Stability (CIPS) General Stacks 03/22/2016   363.325 SEC 2008 CIPS0002747 03/22/2016 03/22/2016 Book
© 2023 Central Library, National University of Sciences and Technology. All Rights Reserved.